San José : antecedentes coloniales y formación del estado nacional /
Shranjeno v:
| Glavni avtor: | |
|---|---|
| Format: | Neznan |
| Jezik: | Spanish |
| Izdano: |
San José, Costa Rica :
Instituto de investigaciones sociales,
1981.
|
| Serija: | (Serie Avance de investigación ;
número 42) |
| Teme: | |
| Oznake: |
Označite
Brez oznak, prvi označite!
|
MARC
| LEADER | 000000000a22000000004500 | ||
|---|---|---|---|
| 001 | 006237 | ||
| 041 | 0 | |a spa | |
| 082 | 0 | 4 | |a 972.866 |b V422s |
| 100 | 1 | |a Vega Carballo, José Luis | |
| 245 | 1 | 0 | |a San José : |b antecedentes coloniales y formación del estado nacional / |c José Luis Vega Carballo. |
| 260 | 1 | |a San José, Costa Rica : |b Instituto de investigaciones sociales, |c 1981. | |
| 300 | |a 39 páginas | ||
| 490 | 1 | |a (Serie Avance de investigación ; |v número 42) | |
| 650 | 4 | |a SAN JOSE (COSTA RICA) | |
| 650 | 4 | |a URBANISMO | |
| 650 | 4 | |a ANTECEDENTES COLONIALES | |
| 999 | |c 11920 |d 11920 | ||
| 942 | |c BK |h 972.866 V422s |2 z | ||
